Storia della citta medievale
Uloženo v:
| Hlavní autor: | |
|---|---|
| Médium: | Kniha |
| Jazyk: | italština |
| Vydáno: |
Bari
Laterza
1978
|
| Edice: | Universale Laterza, 462
|
| Témata: | |
| Tagy: |
Přidat tag
Žádné tagy, Buďte první, kdo vytvoří štítek k tomuto záznamu!
|
MARC
| LEADER | 00000nam a2200000 a 4500 | ||
|---|---|---|---|
| 001 | UCX2812 | ||
| 003 | CL-VaPUC | ||
| 008 | 910816e19780000IT |||||||||||||||||ita|d | ||
| 082 | 0 | 4 | |a 940.1 |b ENN |2 21 |
| 100 | 0 | |a Ennen, Edith |e author |9 318901 | |
| 245 | 1 | 0 | |a Storia della citta medievale |
| 300 | |a 366 p | ||
| 942 | |c BK | ||
| 945 | |d 19910816 00:00:00 | ||
| 260 | |a Bari |b Laterza |c 1978 | ||
| 650 | 0 | |a Ciudades y pueblos |9 265139 | |
| 650 | 0 | |a Edad media |9 258041 | |
| 583 | |a last modification |c 20180403 04:51:54 |k Rodrigo Vera | ||
| 490 | 0 | |a Universale Laterza, 462 | |
| 999 | |c 223750 |d 223748 | ||
| 952 | |0 0 |1 0 |4 0 |6 940_100000000000000_ENN_1978 |7 0 |8 A |9 219839 |a BIBHIS |b BIBHIS |d 2019-11-15 |i 2885255 |o 940.1 ENN 1978 |p 2885255 |r 2025-01-20 |w 2019-11-15 |y BK |k HIS | ||